Kibernetičeskij sbornik : Vyp. 21 /

Gespeichert in:
Bibliographische Detailangaben
Weitere Verfasser: Lupanov, O.G (Zusammenstellung)
Format: Buch
Sprache:Russisch
Veröffentlicht: Moskva : Mir, 1984
Ausgabe:1.vyd.
Tags: Tag hinzufügen
Keine Tags, Fügen Sie das erste Tag hinzu!

MARC

LEADER 00000nam a22000003a 4500
001 stu126559
005 20150617225905.1
008 060919s1984----xxr-----------------rus-d
040 |a STU  |b slo 
041 0 |a rus 
044 |a xxr 
080 |a 519.7 
100 1 |a Lupanov, O.G.  |4 com 
245 1 |a Kibernetičeskij sbornik :  |b Vyp. 21 /  |c Ed.: Lupanov, O.G. 
250 |a 1.vyd. 
260 |a Moskva :  |b Mir,  |c 1984 
300 |a 263 s 
996 |b E56913  |c E*56913  |l EE03  |s P  |a 0  |w stu126559_0001